Power system protection /

Manylion Llyfryddiaeth
Prif Awdur: Anderson, P. M. (Paul M.), 1926-
Fformat: Llyfr
Iaith:English
Cyhoeddwyd: New York : McGraw-Hill : IEEE Press, c1999.
Cyfres:IEEE Press power engineering series.
Pynciau:
Classic Catalogue: View this record in Classic Catalogue
LEADER 01720nam a2200277 a 4500
001 0020204
003 BD-DhAAL
008 100516s1999 nyua b 001 0 eng d
010 |a  98028659  
020 |a 0780334272 
040 |a DLC  |c DLC  |d DLC  |d BD-DhAAL 
082 0 0 |a 621.317  |2 21 
100 1 |a Anderson, P. M.  |q (Paul M.),  |d 1926-  |9 58771 
245 1 0 |a Power system protection /  |c P.M. Anderson. 
260 |a New York :  |b McGraw-Hill :  |b IEEE Press,  |c c1999. 
300 |a xxviii, 1307 p. :  |b ill. ;  |c 26 cm. +  |e 1 CD-ROM (4 3/4 in.). 
490 0 |a IEEE Press power engineering series. 
504 |a Includes bibliographical references and index. 
526 |a EEE  |x Md Sayeed Salam Department of Electrical and Electronic Engineering BRAC University Course Name : Switchgear and Protection (EEE 425) 
541 1 |e 0020204, 0020205  |a Trim Education 
650 0 |a Electric power systems  |x Protection.  |9 55338 
852 4 |a Ayesha Abed Library   |c General Stacks 
942 |2 ddc  |c BK 
999 |c 8559  |d 8559 
952 |0 0  |1 0  |2 ddc  |4 0  |6 621_317000000000000_AND_1999  |7 0  |9 10175  |a BRACUL  |b BRACUL  |c GEN  |d 2010-05-16  |e Trim Education  |g 16900.00  |l 1  |m 10  |o 621.317 AND  |p 3010020204  |r 2018-01-03  |s 2017-11-06  |t 1  |w 2010-05-16  |y BK  |x Requisitioned by Md Sayeed Salam (Department of Electrical and Electronic Engineering) BRAC University for the course named - "Switchgear and Protection (EEE 425)". 
952 |0 0  |1 0  |2 ddc  |4 0  |6 621_317000000000000_AND_1999  |7 0  |9 10176  |a BRACUL  |b BRACUL  |c GEN  |d 2010-05-16  |e Trim Education  |g 16900.00  |l 1  |m 24  |o 621.317 AND  |p 3010020205  |r 2018-08-27  |s 2018-01-03  |t 2  |w 2010-05-16  |y BK  |x Requisitioned by Md Sayeed Salam (Department of Electrical and Electronic Engineering) BRAC University for the course named - "Switchgear and Protection (EEE 425)".